00482nam a22001457a 450000500170000002000230001703500130004003700110005308200100006410000280007424500770010226000900017927000150026930000520028420120416124645.0 c150.00a818781876x aB-133977 b adpl a070.1 aगोठी, ऋतु1 aमीडिया प्रोडक्शन /cऋतु गोठी aनई दिल्लीbलक्ष्य पब्लिकेशन्सc2004 a b e k  a102पृ.c22सेमी (सजिल्द)